|
|
|
|
| LEADER |
00000nab a2200000 a 4500 |
| 001 |
vtls000571453 |
| 003 |
SK-MaSNL |
| 005 |
20260304210827.0 |
| 008 |
250425c1995 xo 0 slo |
| 015 |
|
|
|a SNBRB19rr/mm-uuuuu
|
| 035 |
|
|
|a CL0571591
|
| 035 |
|
|
|a urn:nbn:sk:snk-ab6q0m
|
| 035 |
|
|
|a (uuid)97bb4622-3786-4187-af19-d5601ab1a5c0
|
| 035 |
|
|
|a (urnnbn)urn:nbn:sk:snk:ar-005rzb
|
| 035 |
|
|
|a (sysno)vtls000571453
|
| 040 |
|
|
|a SNKBUCL
|b slo
|c SNKBUCL
|e AACR2
|
| 041 |
0 |
|
|a slo
|
| 044 |
|
|
|a xo
|c SK
|
| 080 |
|
|
|a 621.77:621.98:519.876.5:519.6
|2 1981
|
| 080 |
|
|
|a 621.98
|2 1981
|
| 080 |
|
|
|a 519.876.5
|2 1981
|
| 080 |
|
|
|a 519.6
|2 1981
|
| 100 |
1 |
|
|a Vajo, Pavel,
|d 1934-
|4 aut
|9 235774
|
| 245 |
1 |
0 |
|a Simulácia procesov tvárnenia
|c Pavel Vajo, Peter Kostka
|
| 300 |
|
|
|b Sch. 5, lit. 7 zázn. v angl., nem.
|
| 500 |
|
|
|a Na dok. chybne ISSN
|
| 650 |
0 |
7 |
|a tvárnenie
|2 snkbucl
|9 19489
|
| 650 |
0 |
7 |
|a počítačová simulácia
|2 snkbucl
|9 1866
|
| 655 |
|
7 |
|a články z novín a časopisov
|2 snkbucl
|9 267496
|
| 700 |
1 |
|
|a Kostka, Peter
|4 aut
|9 292978
|
| 773 |
0 |
|
|t Zváranie
|g Roč. 44, č. 11 (1995), s. 268-271
|x 0044-5525
|
| 850 |
|
|
|a Slovenská národná knižnica
|
| 852 |
|
|
|a Slovenská národná knižnica
|
| 954 |
|
|
|a odborná, vedecká literatúra pôvodná (slovenská)
|2 lita
|
| 958 |
|
|
|a article
|
| 958 |
|
|
|a OND
|
| 958 |
|
|
|a NB
|
| 958 |
|
|
|a RK
|
| 958 |
|
|
|a EUIPO
|
| 992 |
|
|
|a RBX
|
| 999 |
|
|
|c 3127613
|d 3129543
|